000 00276nam a2200109Ia 4500
001 588794
005 20250717120837.0
008 250717s9999 xx 000 0 und d
245 0 _aV-13 KARA MÜRSEL REİS
_cİSMAİL BİLGİN
260 _bTİMAŞ YAYINLARI
_c2018
300 _b95
999 _c588794
_d588794